000 00899cam a2200289 i 4500
001 200447004
003 TR-AnTOB
005 20240513112805.0
007 ta
008 120804s2001 tu a t 000 0 tur
040 _aTR-AnTOB
_beng
_erda
_cTR-AnTOB
041 0 _atur
050 4 _aHD9866.T92
_bT87
090 _aHD9866.T92
_bT87
110 2 _aTürkiye Giyim Sanayicileri Derneği
_9135364
245 1 0 _a12. dönem faaliyet raporu :
_b2000-2001.
264 1 _aİstanbul :
_bTürkiye Giyim Sanayicileri Derneği,
_c[2001]
300 _a71 pages :
_billustrations ;
_c35 cm
336 _2rdacontent
_atext
_btxt
337 _2rdamedia
_aunmediated
_bn
338 _2rdacarrier
_avolume
_bnc
650 7 _aGiyim ticareti
_zTürkiye
_2etuturkob
_954532
650 7 _aTekstil endüstrisi
_zTürkiye
_2etuturkob
_920488
942 _2lcc
_cBK
999 _c200447004
_d65216